000 00238nam a2200097Ia 4500
008 240331s9999 xx 000 0 und d
082 _bINT
100 _aDe Bruijn , L. ed
245 0 _aInternational conference on women's history
942 _cL
999 _c1832
_d1832